000 00250nam a2200109Ia 4500
005 20251222152655.0
008 251222s9999||||xx |||||||||||||| ||spa||
082 _a227/K41
100 _aKensinger, Kenneth M.
245 0 _aLos Cashinahua
942 _cLIB
999 _c28614
_d28614